| 000 | 00948nam a22002657a 4500 | ||
|---|---|---|---|
| 005 | 20260302150140.0 | ||
| 008 | 240328b ||||| |||| 00| 0 eng d | ||
| 020 | _a9788194675006 | ||
| 040 | _cAIMIT LIBRARY | ||
| 082 |
_251st _a336.242 _bGAUV |
||
| 100 |
_aGaur, V P. _9157373 |
||
| 245 |
_aIncome Tax law and practice : _bincorporating income tax act 1961 as amended up-to-date assessment year 2023-24 / _cBy V P Gaur...[et.al.] |
||
| 250 | _a51st ed. | ||
| 260 |
_aNew Delhi : _bKalyani Publishers , _c2023. |
||
| 300 |
_axxiv,1.1-6.66 p.; _bPB _c25 cm. |
||
| 440 |
_aAssessment year 2023-24 _9257227 |
||
| 650 |
_aComputation of total income _9157374 |
||
| 650 |
_aComputation of tax liability _9157375 |
||
| 650 |
_aAdministration of act _9157376 |
||
| 650 |
_aRevisional problems _9157377 |
||
| 700 |
_aNarang, D B. _9157378 |
||
| 700 |
_aGaur , Puja. _9157379 |
||
| 700 |
_aPuri, Rajeev. _9157380 |
||
| 942 |
_2ddc _cBK _e51 _k336.242 GAUV |
||
| 999 |
_c230631 _d230631 |
||